Viver em sociedade (Registo nº 4274)

Detalhes MARC
000 -Etiqueta do registo
Cabeçalho 00861nam a2200301 4500
005 - Identificador da versão
Campo de controlo 20240813122057.0
010 ## - Número internacional normalizado dos livros (ISBN)
Número (ISBN) 9895571755
021 ## - Número do Depósito Legal
Código do país PT
Número 230090/05
100 ## - Dados gerais de processamento
Dados gerais de processamento 20070227d2005 m y0pory5003 ba
102 ## - Pais de publicação ou produção
País de publicação Portugal
101 1# - Língua de publicação
Língua do texto, banda sonora, etc. Português
Língua do documento no original Francês
106 ## - Campo de dados codificados: material textual
Dados codificados do material textual r
105 ## - Campo de dados codificados: livros
Dados codificados dos livros a z 000yy
215 ## - Descrição física 
Indicação específica da natureza do documento e extensão da espécie 64 p.
Outras indicações físicas il.
Dimensões 22 cm
200 1# - Titulo e menção de responsabilidade
Título próprio Viver em sociedade
Informação de outro título diferenças
Primeira menção de responsabilidade [ed. lit.] Edições Gailivro
Outras menções de responsabilidade trad. Ema Rodrigues
225 1# - Colecção 
Título próprio da colecção Guia do pequeno cidadão
205 ## - Menção da edição
Menção da edição [1a ed.]
210 ## - Publicação, Distribuição, etc. 
Lugar da edição, distribuição, etc. Canelas
Nome do editor, distribuidor, etc. Gailivro
Data da publicação, distribuição, etc. 2005
304 ## - Notas relativas a título e menção de responsabilidade 
Texto da nota Tít. orig.: Vivre ensemble - Les différences
675 ## - Classificação Decimal Universal (CDU)
Notação 087.5
Edição BN
Língua da edição por
Notação 316.344(0.053.2)(035)
Edição BN
Língua da edição por
702 #1 - Nome de autor-pessoa física (responsabilidade secundária)
Número de registo de entrada de autoridade 0001001
Palavra de ordem Rodrigues
Outra parte do nome não tomada para palavra de ordem Ema
Código de função Tradutor
712 02 - Nome de colectividade-autor (responsabilidade secundária)
Número de registo de entrada de autoridade 0001002
Palavra de ordem Edições Gailivro
Código de função Editor literário / Coordenador
942 ## - Elementos de entrada adicionados (Koha)
Tipo de item no Koha Livro
Exemplares
Situação do levantamento Origin of item (home branch) (coded) Biblioteca de empréstimo Código de barras Cota Circulation type (not for loan) Tipo de documento Nota do exemplar Damaged status
  Biblioteca Escolar das Vendas Biblioteca Escolar das Vendas BEV1434 3PED ROD   Livro Sem mensagem